<?xml version="1.0" encoding="UTF-8"?>
<record
    xmlns:xsi="http://www.w3.org/2001/XMLSchema-instance"
    xsi:schemaLocation="http://www.loc.gov/MARC21/slim http://www.loc.gov/standards/marcxml/schema/MARC21slim.xsd"
    xmlns="http://www.loc.gov/MARC21/slim">

  <leader>01072nam a22002057a 4500</leader>
  <controlfield tag="001"> 85381</controlfield>
  <controlfield tag="003">BD-RjUL</controlfield>
  <controlfield tag="005">20250730154806.0</controlfield>
  <controlfield tag="008">250730s1957    pk ||||| |||| 00| 0 urd d</controlfield>
  <datafield tag="035" ind1=" " ind2=" ">
    <subfield code="a">(BD-RjUL) 85381</subfield>
  </datafield>
  <datafield tag="040" ind1=" " ind2=" ">
    <subfield code="a">BD-RjUL</subfield>
    <subfield code="b">eng</subfield>
    <subfield code="c">BD-RjUL</subfield>
  </datafield>
  <datafield tag="041" ind1=" " ind2=" ">
    <subfield code="a">urd</subfield>
  </datafield>
  <datafield tag="082" ind1=" " ind2=" ">
    <subfield code="2">23</subfield>
    <subfield code="a">891.43914</subfield>
    <subfield code="b">NIM 1957</subfield>
  </datafield>
  <datafield tag="100" ind1=" " ind2=" ">
    <subfield code="a">   &#x633;&#x6CC;&#x649;&#x651;&#x62F; &#x646;&#x630;&#x6CC;&#x649;&#x631; &#x646;&#x649;&#x6CC;&#x627;&#x632;&#x649;. .  Niy&#x101;z&#x12B;., Sayyid Naz&#x332;&#x12B;r</subfield>
    <subfield code="9">16361</subfield>
  </datafield>
  <datafield tag="245" ind1="1" ind2="0">
    <subfield code="a">&#x645;&#x6A9;&#x62A;&#x648;&#x628;&#x627;&#x62A; &#x627;&#x642;&#x628;&#x627;&#x644; : &#x62D;&#x6A9;&#x6CC;&#x649;&#x645; &#x627;&#x627;&#x644;&#x627;&#x645;&#x651;&#x62A; &#x62D;&#x636;&#x631;&#x62A; &#x639;&#x644;&#x627;&#x645;&#x6C1; &#x627;&#x642;&#x628;&#x627;&#x644; &#x6A9;&#x6D2; &#x627;&#x646; &#x645;&#x6A9;&#x62A;&#x648;&#x628;&#x627;&#x62A; &#x6A9;&#x627; &#x645;&#x62C;&#x645;&#x648;&#x639;&#x6C1; &#x62C;&#x648; &#x648;&#x642;&#x62A;&#x627;&#x64B; &#x641;&#x648;&#x642;&#x62A;&#x627;&#x64B; &#x645;&#x631;&#x62A;&#x651;&#x628; &#x6A9;&#x6D2; &#x646;&#x627;&#x645; &#x644;&#x6A9;&#x6BE;&#x6D2; &#x6AF;&#x626;&#x6D2;;;  Makt&#x16B;b&#x101;t-i Iqb&#x101;l : &#x1E24;ak&#x12B;mulummat &#x1E24;a&#x1E93;rat &#x2BB;All&#x101;mah Iqb&#x101;l ke un makt&#x16B;b&#x101;t k&#x101; majm&#x16B;&#x2BB;ah jo vaqtan favaqtan murattib ke n&#x101;m likhe ga&#x2BC;e    /</subfield>
    <subfield code="c">&#x645;&#x631;&#x62A;&#x651;&#x628;&#x6C1;&#x60C; &#x633;&#x6CC;&#x649;&#x651;&#x62F; &#x646;&#x630;&#x6CC;&#x649;&#x631; &#x646;&#x649;&#x6CC;&#x627;&#x632;&#x649;.Muhammad Iqbal / murattabah, Sayyid Naz&#x332;&#x12B;r Niy&#x101;z&#x12B;.</subfield>
  </datafield>
  <datafield tag="260" ind1=" " ind2=" ">
    <subfield code="a">Karachi: </subfield>
    <subfield code="b"> &#x627;&#x642;&#x628;&#x627;&#x644; &#x627;&#x6A9;&#x627;&#x62F;&#x645;&#x649; &#x67E;&#x627;&#x6A9;&#x633;&#x62A;&#x627;&#x646;&#x60C;,  Iqb&#x101;l Ak&#x101;dm&#x12B; </subfield>
    <subfield code="c">1957</subfield>
  </datafield>
  <datafield tag="300" ind1=" " ind2=" ">
    <subfield code="a">372 p. ;</subfield>
    <subfield code="c">22 cm</subfield>
  </datafield>
  <datafield tag="600" ind1=" " ind2=" ">
    <subfield code="a">Iqbal, Muhammad, Sir, </subfield>
    <subfield code="d"> 1877-1938</subfield>
  </datafield>
  <datafield tag="942" ind1=" " ind2=" ">
    <subfield code="2">ddc</subfield>
    <subfield code="c">BK</subfield>
  </datafield>
  <datafield tag="999" ind1=" " ind2=" ">
    <subfield code="c">85381</subfield>
    <subfield code="d">85381</subfield>
  </datafield>
  <datafield tag="952" ind1=" " ind2=" ">
    <subfield code="0">0</subfield>
    <subfield code="1">0</subfield>
    <subfield code="2">ddc</subfield>
    <subfield code="4">0</subfield>
    <subfield code="7">1</subfield>
    <subfield code="8">NFIC</subfield>
    <subfield code="a">RUCL</subfield>
    <subfield code="b">RUCL</subfield>
    <subfield code="c">Reading</subfield>
    <subfield code="d">2025-07-30</subfield>
    <subfield code="l">0</subfield>
    <subfield code="o">U 891.43914 NIM 1957</subfield>
    <subfield code="r">2025-07-30 00:00:00</subfield>
    <subfield code="t">C-1</subfield>
    <subfield code="w">2025-07-30</subfield>
    <subfield code="y">BK</subfield>
  </datafield>
</record>
